000 01052nam a2200241 u 4500
001 000340245
003 AM-YeHGA
005 20250617131035.0
008 040603s1974 ai r 000 0 arm d
040 _aAM-YeHGA
041 0 _aarm
100 1 _aՊողոսյան, Արտաշես Միքայելի
245 1 0 _aՌուս-հայ բարեկամության պատմությունից :
_b(19-րդ դ. ռուս-թուրք. պատերազմների կովկասյան ռազմաճակատում) /
_cԱ.Մ. Պողոսյան; Խմբ.՝ Ջ.Վ. Մաթոսյան.
260 _aԵրևան :
_bՀայաստան,
_c1974.
300 _a294 էջ ;
_c21 սմ.
504 _aՏողատակի մատենագիտ. ծանոթագր.
650 1 4 _aՀայոց պատմություն
650 1 4 _aՊատմություն
_zՌուսաստան
653 0 _aՌուս և հայ ժողովուրդների բարեկամություն
653 0 _aՌուս-թուրքական պատերազմ
700 1 _aՄաթոսյնա, Ջ.Վ
_eխմբ.
_4edt
090 _c130346
999 _c128982
_d128982